000 01198nam0a22002771 4500
001 rc\3155327
005 20250530084422.0
021 _aRU
_b[77-22511]
035 _a(NLR Aleph) 007323398
090 _a5933676
_c5933676
100 _a20120615d1976 |||y0rusy50 ca
101 0 _arus
102 _aRU
105 _aa z |||||
200 1 _aАвтоматика и автоматизация производственных процессов в полиграфии
_e(Конспект лекций)
_e[Ч. 1]
_fС.С. Селезнев
_gНовосиб. инж.-строит. ин-т им. В.В. Куйбышева, Ом. политехн. ин-т
210 _aНовосибирск
_cБ. и.
_d1976
215 _a113 с.
_cил.
_d20
300 _aЗагл. Ч. 2: Автоматизация производственных процессов в полиграфии
320 _aСписок лит.: с. 112-113 (5 назв.)
606 _aПолиграфическое производство
_xАвтоматизация
_2psbo
700 1 _aСелезнев
_bС.С.
801 0 _aRU
_bNLR
_gpsbo
801 1 _aRU
_bELAR
_2rusmarc
852 _aNLR
_j77-4/9850
942 _cBOOK
980 _aNB